<?xml version="1.0" encoding="UTF-8"?>
<record
    xmlns:xsi="http://www.w3.org/2001/XMLSchema-instance"
    xsi:schemaLocation="http://www.loc.gov/MARC21/slim http://www.loc.gov/standards/marcxml/schema/MARC21slim.xsd"
    xmlns="http://www.loc.gov/MARC21/slim">

  <leader>02723cam a2200301 i 4500</leader>
  <controlfield tag="001">17508807</controlfield>
  <controlfield tag="003">EG-ScBUE</controlfield>
  <controlfield tag="005">20250521083609.0</controlfield>
  <controlfield tag="008">121025t2013    flua   f b    001 0 eng d</controlfield>
  <datafield tag="020" ind1=" " ind2=" ">
    <subfield code="a">9781466566088 (pbk.)</subfield>
  </datafield>
  <datafield tag="040" ind1=" " ind2=" ">
    <subfield code="a">EG-ScBUE</subfield>
    <subfield code="b">eng</subfield>
    <subfield code="e">rda</subfield>
    <subfield code="c">EG-ScBUE</subfield>
    <subfield code="d">EG-ScBUE</subfield>
  </datafield>
  <datafield tag="082" ind1="0" ind2="4">
    <subfield code="a">531.32</subfield>
    <subfield code="2">22</subfield>
    <subfield code="b">FIT</subfield>
  </datafield>
  <datafield tag="100" ind1="1" ind2=" ">
    <subfield code="a">Fitzpatrick, Richard,</subfield>
    <subfield code="d">1963-</subfield>
    <subfield code="9">38081</subfield>
    <subfield code="e">author.</subfield>
  </datafield>
  <datafield tag="245" ind1="1" ind2="0">
    <subfield code="a">Oscillations and waves :</subfield>
    <subfield code="b">an introduction /</subfield>
    <subfield code="c">Richard Fitzpatrick.</subfield>
  </datafield>
  <datafield tag="264" ind1=" " ind2="1">
    <subfield code="a">Boca Raton : </subfield>
    <subfield code="b">CRC Press / Taylor &amp; Francis, </subfield>
    <subfield code="c">[2013]</subfield>
  </datafield>
  <datafield tag="264" ind1=" " ind2="4">
    <subfield code="c">c2013</subfield>
  </datafield>
  <datafield tag="300" ind1=" " ind2=" ">
    <subfield code="a">viii, 287 pages :</subfield>
    <subfield code="b">illustrations ;</subfield>
    <subfield code="c">24 cm</subfield>
  </datafield>
  <datafield tag="336" ind1=" " ind2=" ">
    <subfield code="2">rdacontent</subfield>
    <subfield code="a">text</subfield>
    <subfield code="b">txt</subfield>
  </datafield>
  <datafield tag="337" ind1=" " ind2=" ">
    <subfield code="a">unmediated</subfield>
    <subfield code="2">rdamedia</subfield>
    <subfield code="b">n</subfield>
  </datafield>
  <datafield tag="338" ind1=" " ind2=" ">
    <subfield code="a">volume</subfield>
    <subfield code="b">nc</subfield>
    <subfield code="2">rdacarrier</subfield>
  </datafield>
  <datafield tag="504" ind1=" " ind2=" ">
    <subfield code="a">Includes bibliographical references and index.
</subfield>
  </datafield>
  <datafield tag="520" ind1=" " ind2=" ">
    <subfield code="a">"Preface Oscillations and waves are ubiquitous phenomena in the world around us. An oscillation is defined as a disturbance in a physical system that is repetitive in time. A wave is defined as a disturbance in a continuous, spatially extended, physical system that is both repetitive in time and periodic in space. In general, an oscillation involves a continual back and forth flow between two different energy types. For example, in the case of a pendulum, the two energy types are kinetic and gravitational potential energy. A wave involves similar repetitive energy flows to an oscillation, but, in addition, is capable of transmitting energy (and information) from one place to another. Although sound waves and electromagnetic waves, for example, rely on quite distinct physical mechanisms, they, nevertheless, share many common properties. This is also true of different types of oscillation. It turns out that the common factor linking the various types of wave and oscillation is that they are all described by the same mathematical equations. The aim of this textbook is to develop a unified mathematical theory of oscillations and waves. Examples are drawn from the physics of discrete mechanical systems; continuous gases, fluids, and elastic solids; electronic circuits; electromagnetic waves; optical systems; and, finally, quantum mechanical systems. It is assumed that readers of this book possess a basic familiarity with the laws of physics, such as might be obtained from a standard two-semester introductory college-level survey course. Readers are also assumed to be conversant with collegelevel mathematics up to and including algebra, trigonometry, linear algebra, ordinary differential equations, and partial differential equations"--</subfield>
  </datafield>
  <datafield tag="650" ind1=" " ind2="7">
    <subfield code="a">Wave-motion, Theory of.</subfield>
    <subfield code="2">BUEsh</subfield>
  </datafield>
  <datafield tag="650" ind1=" " ind2="7">
    <subfield code="a">Oscillations.</subfield>
    <subfield code="2">BUEsh</subfield>
  </datafield>
  <datafield tag="653" ind1=" " ind2=" ">
    <subfield code="b">ENGGEN</subfield>
    <subfield code="c">May2015</subfield>
  </datafield>
  <datafield tag="655" ind1=" " ind2=" ">
    <subfield code="v">Reading book</subfield>
  </datafield>
  <datafield tag="942" ind1=" " ind2=" ">
    <subfield code="2">ddc</subfield>
    <subfield code="c">BB</subfield>
  </datafield>
  <datafield tag="999" ind1=" " ind2=" ">
    <subfield code="c">19435</subfield>
    <subfield code="d">19407</subfield>
  </datafield>
  <datafield tag="952" ind1=" " ind2=" ">
    <subfield code="0">0</subfield>
    <subfield code="1">0</subfield>
    <subfield code="2">ddc</subfield>
    <subfield code="4">0</subfield>
    <subfield code="7">0</subfield>
    <subfield code="8">Baccah</subfield>
    <subfield code="a">MAIN</subfield>
    <subfield code="b">MAIN</subfield>
    <subfield code="c">1ST</subfield>
    <subfield code="d">2015-05-26</subfield>
    <subfield code="e">purchase</subfield>
    <subfield code="l">1</subfield>
    <subfield code="o">531.32 FIT</subfield>
    <subfield code="p">000038325</subfield>
    <subfield code="r">2025-07-15 00:00:00</subfield>
    <subfield code="s">2016-10-01</subfield>
    <subfield code="w">2015-05-26</subfield>
    <subfield code="y">BB</subfield>
  </datafield>
</record>
